Oxidative damage to plants : (Record no. 615751)

000 -LEADER
fixed length control field 01827cam a22004217a 4500
001 - CONTROL NUMBER
control field 18255345
003 - CONTROL NUMBER IDENTIFIER
control field ASAB
005 - DATE AND TIME OF LATEST TRANSACTION
control field 20260101105527.0
008 - FIXED-LENGTH DATA ELEMENTS--GENERAL INFORMATION
fixed length control field 140805s2014 caua b 001 0 eng d
010 ## - LIBRARY OF CONGRESS CONTROL NUMBER
LC control number 2014395753
016 7# - NATIONAL BIBLIOGRAPHIC AGENCY CONTROL NUMBER
Record control number 016611792
Source Uk
020 ## - INTERNATIONAL STANDARD BOOK NUMBER
International Standard Book Number 9780127999630
020 ## - INTERNATIONAL STANDARD BOOK NUMBER
International Standard Book Number 0127999639
035 ## - SYSTEM CONTROL NUMBER
System control number 18255345
035 ## - SYSTEM CONTROL NUMBER
System control number (OCoLC)866615521
040 ## - CATALOGING SOURCE
Original cataloging agency BTCTA
Language of cataloging eng
Transcribing agency BTCTA
Modifying agency UKMGB
-- BDX
-- YDXCP
-- STF
-- OCLCO
-- LTSCA
-- DLC
042 ## - AUTHENTICATION CODE
Authentication code lccopycat
050 00 - LIBRARY OF CONGRESS CALL NUMBER
Classification number SB747.O95
Item number O95 2014
082 04 - DEWEY DECIMAL CLASSIFICATION NUMBER
Classification number 571.2
Edition number 23
245 00 - TITLE STATEMENT
Title Oxidative damage to plants :
Remainder of title antioxidant networks and signaling /
Statement of responsibility, etc. edited by Parvaiz Ahmad.
260 ## - PUBLICATION, DISTRIBUTION, ETC.
Place of publication, distribution, etc. San Diego, CA :
Name of publisher, distributor, etc. Academic Press,
Date of publication, distribution, etc. c2014.
300 ## - PHYSICAL DESCRIPTION
Extent xxix, 635 p. :
Other physical details ill. ;
Dimensions 24 cm.
336 ## - CONTENT TYPE
Content type term text
Content type code txt
Source rdacontent
337 ## - MEDIA TYPE
Media type term unmediated
Media type code n
Source rdamedia
338 ## - CARRIER TYPE
Carrier type term volume
Carrier type code nc
Source rdacarrier
504 ## - BIBLIOGRAPHY, ETC. NOTE
Bibliography, etc. note Includes bibliographic references and index.
520 8# - SUMMARY, ETC.
Summary, etc. With contributions that review research on this topic throughout the world, this book covers key areas of discovery, from the generation of reactive oxygen species (ROSs), their mechanisms, quenching of these ROSs through enzymatic and non-enzymatic antioxidants, and detailed aspects of such antioxidants as SOD, CAT and ascorbate.--
Assigning source Source other than Library of Congress.
650 #0 - SUBJECT ADDED ENTRY--TOPICAL TERM
Topical term or geographic name entry element Plants
General subdivision Effect of oxygen on.
9 (RLIN) 132665
650 #0 - SUBJECT ADDED ENTRY--TOPICAL TERM
Topical term or geographic name entry element Oxidative stress.
9 (RLIN) 132666
650 #0 - SUBJECT ADDED ENTRY--TOPICAL TERM
Topical term or geographic name entry element Active oxygen.
9 (RLIN) 132667
650 #0 - SUBJECT ADDED ENTRY--TOPICAL TERM
Topical term or geographic name entry element Antioxidants.
9 (RLIN) 132668
700 1# - ADDED ENTRY--PERSONAL NAME
Personal name Ahmad, Parvaiz.
9 (RLIN) 132547
856 42 - ELECTRONIC LOCATION AND ACCESS
Materials specified Publisher description
Uniform Resource Identifier <a href="http://www.loc.gov/catdir/enhancements/fy1606/2014395753-d.html">http://www.loc.gov/catdir/enhancements/fy1606/2014395753-d.html</a>
906 ## - LOCAL DATA ELEMENT F, LDF (RLIN)
a 7
b cbc
c copycat
d 2
e ncip
f 20
g y-gencatlg
942 ## - ADDED ENTRY ELEMENTS (KOHA)
Source of classification or shelving scheme
Koha item type Book
Holdings
Withdrawn status Lost status Source of classification or shelving scheme Damaged status Not for loan Permanent Location Current Location Date acquired Source of acquisition Total Checkouts Full call number Barcode Date last seen Price effective from Koha item type
          Atta-ur-Rahman School of Applied Biosciences (ASAB) Atta-ur-Rahman School of Applied Biosciences (ASAB) 01/01/2026 Donation   571.2 OXI 2014 3552 ASAB3552 01/01/2026 01/01/2026 Book
© 2023 Central Library, National University of Sciences and Technology. All Rights Reserved.